Score 0/30 Timer 08:00
0 Plays Today
% Correct
opium-eater
76.5%
laudanum
76.5%
Mary
70.6%
dreams
70.6%
Oxford Street
64.7%
consumption
64.7%
druggist
58.8%
Norfolk
58.8%
rhabdomancy
58.8%
letter
52.9%
Parliament
52.9%
febrifuge
52.9%
pedestrianism
47.1%
compositor
47.1%
Manchester
41.2%
% Correct
London
41.2%
Nonsense
41.2%
Coleridge
41.2%
Monsieur
35.3%
Cromwell
35.3%
opium
35.3%
Milton
35.3%
Ann
29.4%
Malay
29.4%
Cop
23.5%
Bore
23.5%
Whispering Gallery
23.5%
Wales
23.5%
Glasgow
23.5%
seventy miles' walking
11.8%
Remove Ads.
Support Sporcle.
Get the best of Sporcle when you Go Orange. This ad-free experience offers more features, more stats, and more fun while also helping to support Sporcle. Thank you for becoming a member.

You're not logged in!

Compare scores with friends on all Sporcle quizzes.
OR
Log In

Show Comments

Extras

Top Quizzes Today


Score Distribution

Your Account Isn't Verified!

In order to create a playlist on Sporcle, you need to verify the email address you used during registration. Go to your Sporcle Settings to finish the process.

Report this User

Report this user for behavior that violates our Community Guidelines.

Details: